Normal view
MARC view
Entry Nombre personal
001 - NÚMERO DE CONTROL
- campo de control: 111694
003 - IDENTIFICADOR DE NÚMERO DE CONTROL
- campo de control: OSt
005 - FECHA Y HORA DE LA ÚLTIMA TRANSACCIÓN
- campo de control: 20260427092136.0
008 - ELEMENTOS DE DATO DE LONGITUD-FIJA
- campo de control de longitud fija: 260427|| aca||aabn | a|a d
024 ## - IDENTIFICADOR DE OTROS ESTÁNDARES
- Fuente: BNE
- Número estándar o código: XX1517044
040 ## - FUENTE DE CATALOGACIÓN
- Centro catalogador/agencia de origen: M-RABA
100 1# - ENCABEZAMIENTO-NOMBRE DE PERSONA
- Nombre de persona: Agreda, Esteban de
- Fechas asociadas al nombre: (1759-1842)
373 ## - GRUPO ASOCIADO
- Grupo asociado: Escultura
374 ## - OCUPACIÓN
- Ocupación: Escultor
375 ## - GÉNERO/SEXO
- Género: Masculino
670 ## - FUENTE DE DATOS ENCONTRADOS
- Cita de la fuente: WWW BNE aut, 27/04/2026
- Información encontrada: (Esteban de Agreda)